| 000 | 01995nam a2200325 a 4500 | ||
|---|---|---|---|
| 001 | BRCA_2955 | ||
| 005 | 20190320204038.0 | ||
| 008 | 161208s1884----gw-a---###---#000-0#ger-u | ||
| 041 | _ager | ||
| 044 | _agw | ||
| 084 |
_a298 _b.S38 _c1884 |
||
| 100 | 1 |
_aCervantes Saavedra, Miguel de _d1547-1616 _9213 |
|
| 245 | 1 | 0 |
_aLeben und Thaten des scharfsinnigen Edlen Don Quijote von der Mancha _cMiguel de Cervantes Saavedra. |
| 260 |
_aBerlin _bSchmidt : Stearnux _c1884 |
||
| 500 | _aContenido : v 1. Primera parte. Prefacio del traductor. Prólogo del autor. Texto. -- v 2. Segunda parte. Texto | ||
| 500 | _aEdición : Aus dem spanischen des Miguel de Cervantes Saavedra, neu bearbeitet von Ernst Wolfsogen. Mit Illustrationen von Gustavo Doré | ||
| 500 | _aTraducción de E. von Wolzogen quien dice en el prólogo que, para hacer su trabajo, ha tomado por base la edición ilustrada de Stuttgart (1838), que es, a su vez, un arreglo de la de Bertuch. Afirma, asimismo, que ha mutilado muchos pasajes y suprimido otros por completo, lo cual unido a que tampoco tradujo las dedicatorias, los prólogos de Cervantes ni las poesías preliminares, hace que la presente versión sea una traducción fragmentaria. La edición es lujosa, bien impresa y adornada con los dibujos de Dorpe, grabados por Pisan. Semipiel; con adornos dorados en las lomeras Lúdovik Osterc | ||
| 500 | _aEstado físico : La portada está ligeramente desprendida | ||
| 500 | _aIncluye índice : de ilustraciones al principio de cada volúmen | ||
| 500 | _aQM534 | ||
| 546 | _aTexto en : alemán | ||
| 650 | 1 | 4 |
_aNovela española _yÉpoca clásica, 1500-1700 _9215 |
| 650 | 1 | 4 |
_aLiteratura española _yÉpoca clásica, 1500-1700 _9216 |
| 650 | 1 | 4 |
_aNovela española _ySiglo XVII _9217 |
| 650 | 1 | 4 |
_aDon Quijote (Personaje ficticio) _eNovela _9218 |
| 700 | 1 |
_aWolfzogen, Ernst Freiherr von _d1855-1934 _eTraductor _98213 |
|
| 740 | 0 | _aEl Ingenioso Hidalgo Don Quijote de la Mancha | |
| 902 | _aQFM | ||
| 942 |
_2lcc _cB |
||
| 999 |
_c2694 _d2694 |
||